| 000 | 00000nam##2200000za#4500 |
| 001 | 9.616485 |
| 003 | CaOODSP |
| 005 | 20211126112847 |
| 007 | ta |
| 008 | 150406|2003||||xxc||||| f|0| 0 eng|d |
| 022 | |a1192-5434 |
| 040 | |aCaOODSP|beng |
| 043 | |an-cn--- |
| 086 | 1 |aFB3-2/103-20E |
| 110 | 2 |aBank of Canada. |
| 245 | 14|aThe U.S. stock market and fundamentals : |ba historical decomposition / |cby David Dupuis and David Tessier. |
| 260 | |bBank of Canada |c2003. |
| 300 | |av, 23p. : |bfigs., graphs, references, tables ; |c28 cm. |
| 490 | 1 |aWorking paper|x1192-5434|v2003-20 |
| 504 | |aBibliography. |
| 520 | 3 |aThis working paper is part of a series that examines a range of economic and financial issues of interest to bankers, economists and policymakers. |
| 546 | |a(Résumés en français.) |
| 563 | |aSoftcover |
| 590 | |a03-32|b2003-08-08 |
| 690 | 07|aModelling|2gcpds |
| 690 | 07|aStock markets|2gcpds |
| 720 | 1 |aDupuis, David |
| 720 | 1 |aTessier, David |
| 776 | 0#|tThe U.S. stock market and fundamentals : |w(CaOODSP)9.580575 |
| 830 | #0|aWorking paper,|x1192-5434|v2003-20|w(CaOODSP)9.514622 |